| 000 | 00814cam a22002414a 4500 | ||
|---|---|---|---|
| 999 |
_c7560 _d7560 |
||
| 003 | OSt | ||
| 005 | 20200313104515.0 | ||
| 008 | 070627s2007 sz ae b 001 0 eng c | ||
| 020 | _a9783764373290 (pbk.) | ||
| 040 |
_aOHX _cOHX _dBAKER _dYDXCP _dAZS _dBTCTA _dDLC |
||
| 042 | _apcc | ||
| 072 | 7 |
_aNA _2lcco |
|
| 082 |
_a721.04 _bLOU |
||
| 100 | 1 | _aLoughran, Patrick. | |
| 245 | 1 | 0 |
_aFailed stone : _bproblems and solutions with concrete and masonry / _cPatrick Loughran. |
| 260 |
_aBasel ; _aBoston : _bBirkhäuser, _c2007. |
||
| 300 |
_a159 p. : _bill. (chiefly col.), plans ; _c28 cm. |
||
| 650 | 0 |
_aMasonry _xDeterioration. |
|
| 650 | 0 |
_aConcrete construction _xDeterioration. |
|
| 650 | 0 | _aBuilding failures. | |
| 856 | 4 | 1 |
_3Table of contents only _uhttp://www.loc.gov/catdir/toc/fy0714/2007297905.html |
| 942 | _2ddc | ||